000 01184cad a22002175a 4500
001 L148466
008 090922e20090910xxkd f f000 0 eng d
035 _a(Sirsi) u148466
041 0 _aeng
110 1 _aUnited Kingdom
_bDepartment for Communities and Local Government
_94939
245 0 0 _aHealey announces further quarter of a billion pound affordable housing boost
_h[electronic resource]
260 _c2009
490 _aDCLG News Release
_v10 September 2009
520 _aReports that the Housing Minister has confirmed that £250m will be used to fund 3 400 affordable houses across England. The projects will include low rent homes and houses for first time buyers. Along with the council house building programme announced on 9 September 2009 (see L148460), these two schemes will provide a total of 5 400 new homes and create around 10 000 jobs.
590 _aKA NTK
650 2 4 _aAffordable housing
_96215
651 4 _aEngland
_y886-
690 _aPROPERTY-RESIDENTIAL PROPERTY-DOMESTIC RESIDENTIAL PROPERTY-HOUSING
856 4 0 _uhttps://www.communities.gov.uk/news/corporate/1331371
_zView the press release free of charge at www.communities.gov.uk...
942 _n0
999 _c81855
_d81855